|
|
|
|
| LEADER |
00000nam a22000007a 4500 |
| 005 |
20210205222256.0 |
| 007 |
cr|||| |||| |
| 008 |
210205s2019 es |||||s|||| 00||0 spa d |
| 020 |
|
|
|a 978-84-1324-143-2
|
| 035 |
|
|
|a 32839
|
| 040 |
|
|
|a vLex
|
| 090 |
|
|
|c 11108
|d 11108
|
| 100 |
1 |
|
|a Fernǹdez ℓlvarez, Antn̤ Lois
|
| 245 |
1 |
0 |
|a Instituciones polt̕ico-jurd̕icas y desarrollo sostenible
|h [Recurso electrn̤ico] /
|c Antn̤ Lois Fernǹdez ℓlvarez, Gilvan Luiz Hansen, Eder Fernandes Monica, Guillermo Sur̀ez Blz̀quez, Edson Alvisi Neves
|
| 256 |
|
|
|a Servicio en ln̕ea
|
| 260 |
|
|
|a Madrid:
|b Dykinson,
|c 2019
|
| 300 |
|
|
|a 1 recurso electrn̤ico
|
| 500 |
|
|
|a ℓs veces o evidente semella ser o que ofrece mìs db︢idas, ou o que se ve como un camiǫ incerto ou mesmo rexeitable. Iso ̌o que acontece, dende o meu punto de vista, cos plantexamentos ou coas propostas de relacin̤ entre Galicia e os pas̕es de fala portuguesa, nomeadamente o Brasil. É certo que a forza centrp̕eta que ten exercido Bruxelas a travš dos diferentes instrumentos polt̕icos e xurd̕icos, e especialmente econm̤icos (a travš do Fondo Europeo de Desenvolvemento Rexional, FEDER), obrigou a dirixir ̀ollada cara a Unin̤, e crear va̕s rp̀idas, alonxadas da pausa e paciencias do camiǫ de peregrinacin̤ medieval, dirixidas con urxencia ̀converxer. Nese proceso houbo extraordinarios avances, inimaxinables mesmo para os mìs euroescp̌ticos; pero tanta premura conlevou asumir custes moi elevados, ou podera̕se dicir, moi profundos; tanto, que chegaron ata os lameiros transitados polos l︢timos carros, ata as redes, os barcos, o leite, as vacas, as vides, ata a alma. Esa vis attractiva pola europeizacin̤, retroalimentada institucionalmente, foi crecendo e ampliando o seu espectro, abrindo o paso a unha globalizacin̤ galopante, indiscutida, e aceptada acriticamente polo status quo. A traducin̤ deste proceso no sistema educativo sintetz̕ase na palabra “internacionalizacin̤”, que se asentou no vocabulario dos tecnc̤ratas, fixǹdose como obxectivo principal e irrenunciable de calquera polt̕ica educativa. Mais ese termo serviu, en non poucas ocasin̤s, para teledirixir polt̕icas lingüs̕ticas, culturais e tamň econm̤icas, cara m̀bitos naturalmente forzados e, polo tanto, que nos levaban a facer xestos forzosos, a dar pinchagatos no campo unha e outra vez.
|
| 506 |
1 |
|
|a Disponible solo en los productos indicados
|d vLex Global
|d vLex Global (Academic Edition, excluding Law Schools)
|d vLex Global (U.S. Academic Edition, Law Schools)
|d vLex Global (U.S. Academic Edition, excluding Law Schools)
|d vLex Global (Academic Edition, Law Schools)
|
| 650 |
0 |
4 |
|a Derecho Militar
|z Espaą
|
| 700 |
1 |
|
|a Hansen, Gilvan Luiz
|
| 700 |
1 |
|
|a Fernandes Monica, Eder
|
| 700 |
1 |
|
|a Sur̀ez Blz̀quez, Guillermo
|
| 700 |
1 |
|
|a Alvisi Neves, Edson
|
| 740 |
0 |
|
|a vLex Libros (Servicio en ln̕ea)
|
| 856 |
4 |
0 |
|u http://vlex.com/source/instituciones-politico-juridicas-y-desarrollo-sostenible-32839
|z Acceso restringido
|
| 942 |
|
|
|c BOOK
|
| 999 |
0 |
|
|a Military Law
|